00728nam a22001937a 4500003000900000008004100009040007100050082002400121100002300145245012000168260004000288300002600328505010600354650001200460650001900472650001300491650001000504700002000514AR-CdUCM190329b ||||| |||| 00| 0 spa d aMUNICIPALIDAD PROVINCIAL DEL CUSCOcBIBLIOTECA MUNICIPAL DEL CUSCO a343.6 /bF89 / 1878 aFuentes, Manuel A. aCompendio del curso de derecho administrativo :bprofesado en la facultad de ciencias politicas y administrativas / aLima :bImprenta del estado,c1878. a490 paginas ;c20 cm. aContenido: El derecho -- los poderes -- la autoridad -- La administracion -- necesidades sociales... aDerecho aAdministrativo aGobierno aLeyes aFodere, Pradier